[Event "II Memorial Carlo Ragazzini B"]
[Site "Mestre - Venezia ITA"]
[Date "2011.05.21"]
[Round "2"]
[White "Dal Bianco, Nicola"]
[Black "Militello, Michele"]
[Result "0-1"]
[WhiteElo "1610"]
[BlackElo "1811"]
[PlyCount "64"]
[EventDate "2011.05.20"]

1. c4 e5 2. Nc3 Nf6 3. Nf3 d6 4. g3 Be7 5. Bg2 O-O 6. O-O c6 7. Qc2 a5 8. d4
Qc7 9. Bg5 h6 10. Bxf6 Bxf6 11. dxe5 dxe5 12. Ne4 Be7 13. Qc3 f5 14. Ned2 e4
15. Nd4 Bf6 16. c5 Qe5 17. e3 Re8 18. a3 a4 19. Rab1 Nd7 20. Rfc1 Nf8 21. b4
Ne6 22. Nc4 Nxd4 23. Kf1 Nb5 24. Qc2 Be7 25. Nb6 Ra6 26. Nxa4 Be6 27. Nb2 Nxa3
28. Qe2 Nxb1 29. Rxb1 Rea8 30. Nc4 Bxc4 31. Qxc4+ Kf8 32. Qc1 Ra1 0-1

[Event "II Memorial Carlo Ragazzini B"]
[Site "Mestre - Venezia ITA"]
[Date "2011.05.21"]
[Round "2"]
[White "Pomponio, Stefano"]
[Black "Losso, Agostino"]
[Result "0-1"]
[WhiteElo "1514"]
[BlackElo "1774"]
[PlyCount "74"]
[EventDate "2011.05.20"]

1. e4 c5 2. Nf3 g6 3. Nc3 Bg7 4. d4 cxd4 5. Nxd4 Nc6 6. Nxc6 bxc6 7. Bd2 d6 8.
Bc4 Rb8 9. Bb3 Ba6 10. Qf3 e6 11. O-O-O Ne7 12. h3 d5 13. exd5 cxd5 14. Ba4+
Kf8 15. Bf4 Rc8 16. Bb5 Rxc3 17. bxc3 Bxb5 18. Kd2 e5 19. Rb1 Bc6 20. Bg3 d4
21. Qd3 dxc3+ 22. Ke2 Qxd3+ 23. Kxd3 Nd5 24. Rb8+ Ke7 25. Bxe5 Rxb8 26. Bxb8
Nb4+ 27. Kc4 Nxc2 28. Rc1 Na3+ 29. Kb3 Nb5 30. Re1+ Kd7 31. Rd1+ Kc8 32. Bf4
Bxg2 33. h4 Nd4+ 34. Kc4 Ne2 35. Be3 f5 36. Bxa7 c2 37. Re1 c1=Q+ 0-1

[Event "II Memorial Carlo Ragazzini B"]
[Site "Mestre - Venezia ITA"]
[Date "2011.05.21"]
[Round "3"]
[White "Gigovski, Gjoko"]
[Black "Battagin, Mose'"]
[Result "1-0"]
[WhiteElo "1941"]
[BlackElo "1913"]
[PlyCount "101"]
[EventDate "2011.05.20"]

1. d4 d6 2. Nf3 Nf6 3. Bf4 g6 4. c3 Bg7 5. Nbd2 O-O 6. e4 c5 7. Qc2 a6 8. Rd1
Nbd7 9. a4 b6 10. Bd3 Ne8 11. O-O Nc7 12. dxc5 bxc5 13. Nc4 Ne6 14. Bg3 Bb7 15.
Nfd2 Bc6 16. Ne3 Nc7 17. Ndc4 a5 18. f3 Ne8 19. Be2 Qb8 20. Nd5 Bxd5 21. exd5
Nb6 22. Rfe1 Nc7 23. Nxb6 Qxb6 24. Bc4 Bf6 25. Rd3 Rab8 26. b3 Qb7 27. Qf2 Qc8
28. Bh4 Qf5 29. g4 Qd7 30. Bxf6 exf6 31. Qh4 Kg7 32. f4 Rfe8 33. Rxe8 Rxe8 34.
Rh3 Rh8 35. Qh6+ Kg8 36. f5 g5 37. Qxf6 h6 38. Re3 Ne8 39. Qe7 Qxe7 40. Rxe7
Nf6 41. h3 h5 42. gxh5 Rxh5 43. Kg2 Rh4 44. Ra7 Ne4 45. Rxa5 Nxc3 46. Ra8+ Kg7
47. a5 Nd1 48. Re8 Nb2 49. a6 g4 50. a7 gxh3+ 51. Kh2 1-0

[Event "II Memorial Carlo Ragazzini B"]
[Site "Mestre - Venezia ITA"]
[Date "2011.05.21"]
[Round "3"]
[White "Zamengo, Bruno"]
[Black "Desideri, Alessandro"]
[Result "1-0"]
[WhiteElo "1914"]
[BlackElo "1500"]
[PlyCount "55"]
[EventDate "2011.05.20"]

1. e4 c5 2. Nf3 d6 3. d4 cxd4 4. Nxd4 a6 5. c4 Nf6 6. Nc3 e6 7. Be3 Be7 8. Be2
Nc6 9. O-O Bd7 10. a3 Nxd4 11. Qxd4 Qb8 12. b4 b5 13. cxb5 axb5 14. Qd3 Qb7 15.
Nxb5 Nxe4 16. f3 Rb8 17. a4 Nf6 18. Nxd6+ Bxd6 19. Qxd6 Bc6 20. b5 Bd5 21. b6
Bc6 22. Rfc1 Nd5 23. Bf2 Ne7 24. Rxc6 Nxc6 25. Bb5 Rc8 26. Rc1 Qd7 27. Bxc6
Rxc6 28. Qxc6 1-0

[Event "II Memorial Carlo Ragazzini B"]
[Site "Mestre - Venezia ITA"]
[Date "2011.05.21"]
[Round "3"]
[White "Tonolo, Maurizio"]
[Black "Steccanella, Willi"]
[Result "0-1"]
[WhiteElo "1788"]
[BlackElo "1869"]
[PlyCount "64"]
[EventDate "2011.05.20"]

1. d4 d5 2. Nf3 Bf5 3. e3 Nf6 4. c4 c6 5. Nc3 e6 6. c5 a5 7. Bd3 Nbd7 8. Bxf5
exf5 9. O-O Qc7 10. Bd2 b6 11. cxb6 Qxb6 12. Na4 Qb5 13. b3 Bd6 14. Qc2 g6 15.
Rac1 Rc8 16. Nc5 O-O 17. Ne1 Bxh2+ 18. Kxh2 Qxf1 19. Ned3 Qe2 20. Nxd7 Qh5+ 21.
Kg1 Nxd7 22. Bxa5 Rfe8 23. Bd2 g5 24. a4 Re6 25. f4 g4 26. Nf2 h6 27. a5 Nf6
28. a6 Qh2+ 29. Kf1 Nh5 30. Ke1 Qg1+ 31. Ke2 Ng3+ 32. Kd3 Qxf2 0-1

[Event "II Memorial Carlo Ragazzini B"]
[Site "Mestre - Venezia ITA"]
[Date "2011.05.21"]
[Round "3"]
[White "Rosina, Graziano"]
[Black "Esposito, Ivan"]
[Result "1-0"]
[WhiteElo "1829"]
[BlackElo "1455"]
[PlyCount "69"]
[EventDate "2011.05.20"]

1. Nf3 Nf6 2. c4 c6 3. d4 d5 4. cxd5 cxd5 5. Nc3 Nc6 6. g3 g6 7. Bg2 Bg7 8. O-O
O-O 9. Bf4 a6 10. Rc1 Ne4 11. Ne5 f5 12. Nxe4 dxe4 13. Nxc6 bxc6 14. e3 Qb6 15.
b3 Rd8 16. Qc2 Bd7 17. f3 exf3 18. Bxf3 Rac8 19. Qc5 Qxc5 20. Rxc5 Re8 21. Rfc1
e5 22. Bxe5 Bxe5 23. dxe5 Re6 24. Ra5 Ra8 25. Be2 Kf8 26. Kf2 g5 27. Rd1 Ke7
28. Bc4 Rh6 29. Kg2 Bc8 30. Rd4 Bb7 31. Rc5 Bc8 32. h4 gxh4 33. Rxh4 Rxh4 34.
gxh4 Bb7 35. Kf3 1-0

[Event "II Memorial Carlo Ragazzini B"]
[Site "Mestre - Venezia ITA"]
[Date "2011.05.21"]
[Round "3"]
[White "Zangrando, Gianpietro"]
[Black "Bellon, Antonio"]
[Result "1-0"]
[WhiteElo "1827"]
[BlackElo "1723"]
[PlyCount "83"]
[EventDate "2011.05.20"]

1. c4 Nf6 2. Nc3 g6 3. g3 Bg7 4. Bg2 c6 5. e4 d6 6. Nge2 O-O 7. O-O Na6 8. d3
Nc7 9. h3 d5 10. cxd5 cxd5 11. e5 Nfe8 12. d4 f6 13. f4 Be6 14. g4 Qd7 15. Ng3
fxe5 16. fxe5 Rxf1+ 17. Qxf1 Rc8 18. Bf4 b5 19. a3 a6 20. Qd3 Na8 21. Qd2 Nb6
22. b3 Nc7 23. Rc1 Rf8 24. Bh6 Bxh6 25. Qxh6 Rf7 26. Nce2 Ne8 27. Rc5 Ng7 28.
Qc1 Qd8 29. Nf4 g5 30. Nfh5 h6 31. Rc6 Bd7 32. Rxh6 Ne6 33. Qc2 Nf4 34. Nxf4
gxf4 35. Nh5 Bf5 36. gxf5 Qf8 37. Rxb6 Rxf5 38. Bxd5+ Kh8 39. Bf3 Rg5+ 40. Kh2
Qe8 41. Rh6+ Kg8 42. Qh7+ 1-0

[Event "II Memorial Carlo Ragazzini B"]
[Site "Mestre - Venezia ITA"]
[Date "2011.05.21"]
[Round "3"]
[White "Fracasso Pezzolato, Michele"]
[Black "Pagan, Andrea"]
[Result "1-0"]
[WhiteElo "1796"]
[BlackElo "1919"]
[PlyCount "89"]
[EventDate "2011.05.20"]

1. e4 d6 2. d4 g6 3. Nc3 Bg7 4. f4 Nf6 5. Nf3 O-O 6. e5 dxe5 7. fxe5 Nd5 8. Bc4
Nb6 9. Be2 Bg4 10. h3 Bxf3 11. Bxf3 Nc6 12. Ne2 e6 13. O-O Rb8 14. c3 Nd5 15.
Nf4 Nce7 16. Nxd5 Nxd5 17. Bxd5 Qxd5 18. Qf3 Qxf3 19. Rxf3 c5 20. Be3 cxd4 21.
Bxd4 a6 22. Raf1 Rbc8 23. b4 Rc7 24. Bc5 Rfc8 25. Bd6 Rd7 26. a4 Rc4 27. a5 Re4
28. Rf4 Re3 29. Rc4 h5 30. Rc5 Rd3 31. Rf3 Rd2 32. g4 hxg4 33. hxg4 R7xd6 34.
exd6 Rxd6 35. Rc8+ Bf8 36. Rc7 f5 37. gxf5 exf5 38. Rxb7 Bh6 39. Rb6 Bf8 40.
Rxd6 Bxd6 41. Rd3 Bf4 42. b5 axb5 43. a6 Bc7 44. Rd7 Bb6+ 45. Kg2 1-0

[Event "II Memorial Carlo Ragazzini B"]
[Site "Mestre - Venezia ITA"]
[Date "2011.05.21"]
[Round "3"]
[White "Militello, Michele"]
[Black "Scandiuzzi, Roberto"]
[Result "1-0"]
[WhiteElo "1811"]
[BlackElo "1323"]
[PlyCount "72"]
[EventDate "2011.05.20"]

1. d4 d5 2. Nf3 Nf6 3. e3 e6 4. Bd3 c5 5. b3 cxd4 6. exd4 b6 7. O-O Ba6 8. Bb2
Bxd3 9. Qxd3 Be7 10. Nbd2 O-O 11. Ne5 Qc7 12. Rac1 Nbd7 13. f4 Rac8 14. Rf3 h6
15. Kh1 Nxe5 16. fxe5 Nh7 17. c4 Qd7 18. Rcf1 Bg5 19. cxd5 Qxd5 20. Ne4 f5 21.
Nc3 Qb7 22. d5 exd5 23. Rxf5 Rxf5 24. Qxf5 Rf8 25. Qe6+ Kh8 26. Rxf8+ Nxf8 27.
Qxd5 Qxd5 28. Nxd5 Ne6 29. g3 Bd8 30. Nf4 Nxf4 31. gxf4 Kg8 32. b4 Kf7 33. e6+
Kf8 34. Kg2 Bf6 35. Bxf6 gxf6 36. Kf3 Ke7 1-0

[Event "II Memorial Carlo Ragazzini B"]
[Site "Mestre - Venezia ITA"]
[Date "2011.05.21"]
[Round "3"]
[White "Stefan, Marco"]
[Black "Bortolotto, Denzio"]
[Result "1-0"]
[WhiteElo "1852"]
[BlackElo "1769"]
[PlyCount "63"]
[EventDate "2011.05.20"]

1. e4 c5 2. Nf3 d6 3. d4 cxd4 4. Nxd4 Nf6 5. Nc3 a6 6. Be2 e6 7. O-O Be7 8. Be3
O-O 9. Kh1 Nbd7 10. f4 Nb6 11. Qe1 e5 12. Nf5 Bxf5 13. exf5 Nfd5 14. Nxd5 Nxd5
15. Qd2 Nxe3 16. Qxe3 exf4 17. Qxf4 Bf6 18. Qb4 Qc7 19. Bd3 Be5 20. Rad1 f6 21.
Qc4+ Qxc4 22. Bxc4+ Kh8 23. b3 b5 24. Bd5 Ra7 25. c4 b4 26. Be6 a5 27. Rd5 a4
28. c5 dxc5 29. Rxc5 axb3 30. Bxb3 g6 31. fxg6 hxg6 32. Rxe5 1-0

[Event "II Memorial Carlo Ragazzini B"]
[Site "Mestre - Venezia ITA"]
[Date "2011.05.21"]
[Round "3"]
[White "Franceschini, Corrado"]
[Black "Roverato, Franco"]
[Result "0-1"]
[WhiteElo "1847"]
[BlackElo "1750"]
[PlyCount "67"]
[EventDate "2011.05.20"]

1. e4 e5 2. Nf3 Nc6 3. Bb5 a6 4. Bxc6 dxc6 5. O-O Qd6 6. d4 f6 7. dxe5 fxe5 8.
b3 Bg4 9. Ba3 Qxd1 10. Rxd1 Bxa3 11. Nxa3 Nf6 12. h3 Bxf3 13. gxf3 b5 14. Rd2
Ke7 15. Rad1 Rad8 16. c4 Rxd2 17. Rxd2 Rd8 18. Rxd8 Kxd8 19. Nc2 Kd7 20. c5 Nh5
21. Kg2 Nf4+ 22. Kg3 a5 23. a3 g6 24. b4 a4 25. h4 Ke7 26. Kg4 Kf6 27. Kg3 g5
28. Ne3 Ne2+ 29. Kh3 h5 30. hxg5+ Kxg5 31. Kg2 Nd4 32. Kg3 h4+ 33. Kg2 Kf4 34.
Nf5 0-1

[Event "II Memorial Carlo Ragazzini B"]
[Site "Mestre - Venezia ITA"]
[Date "2011.05.21"]
[Round "3"]
[White "Losso, Agostino"]
[Black "Bozzao, Francesco"]
[Result "0-1"]
[WhiteElo "1774"]
[BlackElo "1867"]
[PlyCount "85"]
[EventDate "2011.05.20"]

1. c4 Nf6 2. g3 c5 3. Bg2 e6 4. Nf3 d5 5. O-O Be7 6. b3 O-O 7. Bb2 Nc6 8. cxd5
Nxd5 9. d3 Bf6 10. Bxf6 Qxf6 11. Na3 Nd4 12. Nxd4 cxd4 13. Bxd5 exd5 14. Qd2
Re8 15. Rfe1 Bh3 16. Qf4 Qxf4 17. gxf4 Re6 18. f5 Rf6 19. f3 Bxf5 20. Nb5 Rg6+
21. Kf2 Rh6 22. Kg3 Rh3+ 23. Kf4 Be6 24. Nxd4 Rxh2 25. Rac1 a6 26. Rc7 Rh4+ 27.
Ke5 f6+ 28. Kxe6 Rxd4 29. Rxb7 Re8+ 30. Kd6 Rxd3 31. exd3 Rxe1 32. Kxd5 h5 33.
Rb4 Re3 34. Rd4 g5 35. Kc4 h4 36. Rg4 Rxf3 37. Rg1 h3 38. d4 h2 39. Re1 g4 40.
d5 Rh3 41. Rh1 Kf7 42. Kc5 g3 43. d6 0-1

[Event "II Memorial Carlo Ragazzini B"]
[Site "Mestre - Venezia ITA"]
[Date "2011.05.21"]
[Round "3"]
[White "Rizzo, Nicodemo"]
[Black "Zanirato, Stefano"]
[Result "1/2-1/2"]
[WhiteElo "1458"]
[BlackElo "1909"]
[PlyCount "112"]
[EventDate "2011.05.20"]

1. d4 Nf6 2. c4 e5 3. Nf3 e4 4. Nfd2 c5 5. e3 d5 6. Nc3 cxd4 7. exd4 Nc6 8.
cxd5 Nxd5 9. Ndxe4 Bf5 10. Bb5 Bb4 11. Bd2 O-O 12. Bxc6 bxc6 13. O-O Bxc3 14.
Nxc3 Nb4 15. Be3 Qh4 16. Qf3 Bg4 17. Qf4 Qh5 18. Qg5 Qxg5 19. Bxg5 Nc2 20. Rac1
Nxd4 21. Be3 c5 22. Rfe1 Rfe8 23. f3 Bf5 24. Bxd4 cxd4 25. Nb5 d3 26. Rxe8+
Rxe8 27. Rd1 Re2 28. Nd4 Re5 29. Nxf5 Rxf5 30. Rxd3 g5 31. Rd4 a5 32. a4 Rc5
33. b4 Rc1+ 34. Kf2 axb4 35. Rxb4 Rc2+ 36. Kg3 Ra2 37. h4 h6 38. hxg5 hxg5 39.
Kh3 Ra3 40. Kg4 f6 41. Kf5 Kg7 42. Rb7+ Kh6 43. Ra7 Ra2 44. Ra6 Rxg2 45. Rxf6+
Kh7 46. a5 Ra2 47. a6 Ra5+ 48. Kg4 Kg7 49. Rb6 Kf7 50. Rb7+ Kf6 51. a7 Ra4+ 52.
Kg3 Ra2 53. Rh7 Kg6 54. Rb7 Kf6 55. Rb6+ Kf5 56. Rb7 Kf6 1/2-1/2

[Event "II Memorial Carlo Ragazzini B"]
[Site "Mestre - Venezia ITA"]
[Date "2011.05.21"]
[Round "3"]
[White "Daccico, Gianni"]
[Black "Loris, Stefano"]
[Result "1/2-1/2"]
[WhiteElo "1702"]
[BlackElo "1681"]
[PlyCount "73"]
[EventDate "2011.05.20"]

1. e4 c6 2. Nf3 d5 3. exd5 cxd5 4. d4 Nf6 5. Nc3 Nc6 6. Bb5 Bd7 7. O-O e6 8.
Bg5 Be7 9. Re1 O-O 10. Ne2 Ne4 11. Be3 Rc8 12. Ng3 Nxg3 13. fxg3 a6 14. Bd3 Nb4
15. c3 Nxd3 16. Qxd3 h6 17. Rad1 Bf6 18. Rd2 Re8 19. Rf2 Qe7 20. Qd2 Kh7 21. a4
Bxa4 22. Qd3+ g6 23. Qd2 Bg7 24. Ne5 Rf8 25. Ref1 Bb5 26. Rxf7 Rxf7 27. Rxf7
Rf8 28. Qf2 Rxf7 29. Qxf7 Qxf7 30. Nxf7 b6 31. Nd6 Bd7 32. Nf7 b5 33. Ne5 Bc8
34. Kf2 a5 35. Ke2 b4 36. cxb4 axb4 37. b3 1/2-1/2

[Event "II Memorial Carlo Ragazzini B"]
[Site "Mestre - Venezia ITA"]
[Date "2011.05.21"]
[Round "3"]
[White "Surrusca, Federico"]
[Black "Dal Bianco, Nicola"]
[Result "0-1"]
[WhiteElo "1495"]
[BlackElo "1610"]
[PlyCount "174"]
[EventDate "2011.05.20"]

1. d4 Nf6 2. c4 e6 3. Nc3 Bb4 4. Bd2 c5 5. Nf3 d5 6. e3 Nc6 7. a3 cxd4 8. exd4
Bxc3 9. Bxc3 dxc4 10. Bxc4 Nd5 11. Bxd5 Qxd5 12. O-O O-O 13. Re1 b6 14. Qd3 Bb7
15. Rad1 Rad8 16. Qe4 Qxe4 17. Rxe4 Ne7 18. Rg4 Bxf3 19. gxf3 Rd7 20. d5 Nf5
21. d6 g6 22. Be5 f6 23. Bc3 Kf7 24. Kg2 Rfd8 25. Ra4 a5 26. b4 Rc8 27. Be1 Rc4
28. Rd3 Rxd6 29. Rc3 Rdd4 30. Bd2 Rxd2 31. Rxc4 Ne3+ 32. Kg3 Nxc4 33. bxa5 Nxa5
34. Rb4 Rd6 35. h4 h5 36. a4 f5 37. f4 Kf6 38. Kf3 e5 39. fxe5+ Kxe5 40. Rb5+
Kf6 41. Ke3 Nc4+ 42. Kf4 Nd2 43. Rb4 Ne4 44. f3 Nc3 45. Kg3 Nd5 46. Rc4 f4+ 47.
Kf2 g5 48. hxg5+ Kxg5 49. Rd4 h4 50. Kg1 h3 51. Kh2 Kh4 52. Rd3 Rd7 53. Rd4 Kg5
54. Kxh3 Kf5 55. Kh2 Ke5 56. Re4+ Kd6 57. Rc4 Rg7 58. Kh3 Rg3+ 59. Kh4 Rxf3 60.
Rc2 Rg3 61. Rd2 Ke5 62. Kh5 f3 63. Rf2 Ke4 64. Kh4 Rg2 65. Rf1 Ne3 66. Rb1 Nc4
67. Re1+ Re2 68. Rf1 Ke3 69. Rh1 f2 70. Rh3+ Kd2 71. Rh1 Ne3 72. Kg3 f1=Q 73.
Rxf1 Nxf1+ 74. Kf4 Kc3 75. a5 bxa5 76. Kf3 Re8 77. Kf2 Nd2 78. Kg3 Rf8 79. Kg4
a4 80. Kg5 a3 81. Kg6 a2 82. Kg7 Rf1 83. Kg6 a1=Q 84. Kg5 Ne4+ 85. Kg4 Qd1+ 86.
Kh4 Rg1 87. Kh3 Qh5# 0-1

[Event "II Memorial Carlo Ragazzini B"]
[Site "Mestre - Venezia ITA"]
[Date "2011.05.21"]
[Round "3"]
[White "Santagati, Marco"]
[Black "Pasqualetto, Lorenzo"]
[Result "0-1"]
[WhiteElo "1590"]
[BlackElo "1701"]
[PlyCount "112"]
[EventDate "2011.05.20"]

1. d4 Nf6 2. Nc3 d5 3. Bg5 e6 4. Nf3 c5 5. e4 dxe4 6. Bxf6 Qxf6 7. Nxe4 Qd8 8.
dxc5 Qc7 9. Nd6+ Bxd6 10. cxd6 Qa5+ 11. Qd2 Qxd2+ 12. Nxd2 O-O 13. Rd1 b6 14.
Be2 Bb7 15. Bf3 Bxf3 16. Nxf3 Nd7 17. O-O Rac8 18. c3 Rfd8 19. Rd2 Nc5 20. Rfd1
f6 21. h3 Rc6 22. Rd4 e5 23. Rd5 Ne4 24. d7 Rc7 25. Ne1 Nc5 26. Nc2 Rcxd7 27.
Rxd7 Rxd7 28. Rxd7 Nxd7 29. Nb4 Nc5 30. b3 Kf7 31. Kf1 Ne4 32. c4 Nc3 33. a3
Nb1 34. Nc2 Nd2+ 35. Ke2 Nxb3 36. Ke3 Ke6 37. g3 Na5 38. Kd3 f5 39. Ne3 e4+ 40.
Kc3 Nc6 41. Nd5 g5 42. h4 gxh4 43. gxh4 Ne5 44. Nf4+ Kf6 45. Nd5+ Ke6 46. Nf4+
Kd6 47. h5 Ng4 48. Nh3 Nf6 49. Ng5 Ke5 50. f4+ Kxf4 51. Ne6+ Kf3 52. Kd2 Nxh5
53. Ng5+ Kf2 54. Nh3+ Kg2 55. Ng5 h6 56. Ne6 Kf2 0-1

[Event "II Memorial Carlo Ragazzini B"]
[Site "Mestre - Venezia ITA"]
[Date "2011.05.21"]
[Round "3"]
[White "Stringhetta, Elio"]
[Black "Pomponio, Stefano"]
[Result "1-0"]
[WhiteElo "1665"]
[BlackElo "1514"]
[PlyCount "67"]
[EventDate "2011.05.20"]

1. d4 g6 2. Bf4 Bg7 3. e3 d6 4. Nf3 Nf6 5. c3 O-O 6. Bc4 d5 7. Bb3 c6 8. Nbd2
Re8 9. O-O Nh5 10. Bg5 h6 11. Bh4 Qd6 12. e4 g5 13. Ne5 Nf6 14. Bg3 Qd8 15.
exd5 cxd5 16. f3 Nbd7 17. Ba4 Nh5 18. Qe1 Nxg3 19. Qxg3 e6 20. f4 Rf8 21. Bxd7
Bxd7 22. Nxd7 Qxd7 23. fxg5 Kh7 24. Nf3 Rg8 25. Qh4 Qe7 26. g6+ fxg6 27. Qxe7
Rae8 28. Qxb7 Rb8 29. Qc6 Rge8 30. Ne5 Rbc8 31. Qd7 h5 32. Rf7 Rg8 33. Rxg7+
Rxg7 34. Qxc8 1-0

[Event "II Memorial Carlo Ragazzini B"]
[Site "Mestre - Venezia ITA"]
[Date "2011.05.22"]
[Round "4"]
[White "Zamengo, Bruno"]
[Black "Gigovski, Gjoko"]
[Result "1/2-1/2"]
[WhiteElo "1914"]
[BlackElo "1941"]
[PlyCount "76"]
[EventDate "2011.05.20"]

1. e4 b6 2. d4 Bb7 3. Bd3 e6 4. Nf3 c5 5. c3 Nf6 6. Qe2 d5 7. e5 Nfd7 8. O-O
Nc6 9. a3 cxd4 10. cxd4 Be7 11. Nc3 a6 12. g3 b5 13. h4 h5 14. Qc2 Rc8 15. Bg5
Bxg5 16. hxg5 Nb6 17. Rfe1 g6 18. Qb1 Qe7 19. Ne2 Rg8 20. b3 Qd8 21. Nf4 Kd7
22. a4 b4 23. a5 Na8 24. Qa2 Qe7 25. Qe2 Nc7 26. Rec1 Na7 27. Rc5 Ncb5 28.
Bxb5+ Nxb5 29. Rxc8 Rxc8 30. Nd3 Nc3 31. Qe1 Ke8 32. Nc5 Ne4 33. Qxb4 Nxc5 34.
dxc5 Rxc5 35. Qd4 Rb5 36. Rb1 Qc7 37. b4 Qc4 38. Rb2 Ke7 1/2-1/2

[Event "II Memorial Carlo Ragazzini B"]
[Site "Mestre - Venezia ITA"]
[Date "2011.05.22"]
[Round "4"]
[White "Panican, Gheorghe"]
[Black "Rosina, Graziano"]
[Result "1-0"]
[WhiteElo "1995"]
[BlackElo "1829"]
[PlyCount "132"]
[EventDate "2011.05.20"]

1. e4 e5 2. Nc3 Nf6 3. g3 Nc6 4. Bg2 Bb4 5. Nge2 O-O 6. O-O d6 7. a3 Ba5 8. h3
h6 9. b4 Bb6 10. Na4 Be6 11. Nxb6 axb6 12. Bb2 d5 13. exd5 Bxd5 14. f3 Re8 15.
d3 Be6 16. Kh2 Nd5 17. Qd2 f6 18. Rfe1 Qd7 19. Rad1 Qf7 20. Qc1 Rad8 21. f4
exf4 22. Nxf4 Nxf4 23. Qxf4 Bd5 24. Bf1 Qd7 25. h4 Be6 26. Be2 Nd4 27. Bh5 Re7
28. Rd2 c5 29. Bxd4 Qxd4 30. Re4 Qd5 31. Bg4 Rde8 32. Rde2 Kf8 33. Bf3 Qd7 34.
Bh5 Bf7 35. Rxe7 Rxe7 36. Qb8+ Be8 37. Rxe7 Qxe7 38. Bxe8 Qxe8 39. Qxb7 cxb4
40. axb4 Qe2+ 41. Qg2 Qe1 42. b5 Qc3 43. Qa8+ Kf7 44. Qb7+ Kg6 45. Qe4+ Kf7 46.
Qe2 f5 47. Kh3 Qb2 48. Qh5+ Kf6 49. c4 Qf2 50. Qd1 Qd4 51. Qf3 Ke5 52. Qe2+ Kf6
53. Kg2 g5 54. hxg5+ hxg5 55. Qf2 Qd6 56. d4 g4 57. c5 bxc5 58. dxc5 Qd5+ 59.
Kh2 Ke6 60. Qc2 Kd7 61. c6+ Kc8 62. b6 f4 63. b7+ Kc7 64. gxf4 Qh5+ 65. Kg1 g3
66. Qb2 66... Qd1+ {...} 1-0

[Event "II Memorial Carlo Ragazzini B"]
[Site "Mestre - Venezia ITA"]
[Date "2011.05.22"]
[Round "4"]
[White "Steccanella, Willi"]
[Black "Banovi, Alit"]
[Result "0-1"]
[WhiteElo "1869"]
[BlackElo "1865"]
[PlyCount "80"]
[EventDate "2011.05.20"]

1. c4 e6 2. g3 Nf6 3. Bg2 d5 4. Nf3 Be7 5. O-O O-O 6. d4 c6 7. Nc3 Nbd7 8. c5
b6 9. b4 a5 10. Qa4 Bb7 11. b5 cxb5 12. Nxb5 bxc5 13. Bf4 Bc6 14. Rab1 c4 15.
Qc2 Ne4 16. Ne5 Nxe5 17. Bxe5 Nf6 18. e4 Qd7 19. Nc3 Ng4 20. exd5 exd5 21. Bh3
f5 22. Rfe1 Nxe5 23. Rxe5 g6 24. Bg2 Bf6 25. Rxd5 Bxd5 26. Nxd5 Ra7 27. Qxc4
Kg7 28. Nf4 Kh6 29. Rb5 Rc7 30. Qe2 Qxd4 31. Rxa5 Qc4 32. Qd2 Qc1+ 33. Qxc1
Rxc1+ 34. Bf1 Bc3 35. Kg2 Bd2 36. Ne6 Rfc8 37. Ra7 R1c6 38. Nd4 Rd6 39. Nb3 Rc2
40. Na5 Be3 0-1

[Event "II Memorial Carlo Ragazzini B"]
[Site "Mestre - Venezia ITA"]
[Date "2011.05.22"]
[Round "4"]
[White "Battagin, Mose'"]
[Black "Militello, Michele"]
[Result "1-0"]
[WhiteElo "1913"]
[BlackElo "1811"]
[PlyCount "121"]
[EventDate "2011.05.20"]

1. e4 d6 2. d4 Nf6 3. Nc3 Nbd7 4. Nf3 e5 5. dxe5 dxe5 6. Bc4 Be7 7. Bxf7+ Kxf7
8. Ng5+ Kg8 9. Ne6 Qe8 10. Nxc7 Qg6 11. Qf3 Rb8 12. Be3 b6 13. N7d5 Nxd5 14.
Nxd5 Qf7 15. Qg3 Bb7 16. c4 Bxd5 17. cxd5 Rc8 18. O-O Bd6 19. Rac1 Rxc1 20.
Rxc1 Qf8 21. Qg4 Qe7 22. Bh6 Nf8 23. Rc6 Bc5 24. Rc8 Qf7 25. Qg3 Qf6 26. Bd2 a5
27. Bc3 Bd6 28. Rc6 Nd7 29. Qg4 Nf8 30. Rxb6 Qh6 31. h3 Qc1+ 32. Kh2 h5 33. Qe2
Bc5 34. Rc6 Qf4+ 35. Kg1 Bd4 36. Bd2 Qf7 37. Bxa5 Ng6 38. Rc8+ Nf8 39. Bb4 Kh7
40. Rc6 g6 41. d6 Ne6 42. b3 Rd8 43. Be1 Rf8 44. a4 Ba7 45. Qf1 Qf4 46. Ra6 Bc5
47. b4 Be3 48. d7 Nd8 49. Rd6 g5 50. Rd3 Ba7 51. Rf3 Qxf3 52. gxf3 Rxf3 53. Qg2
Rf6 54. b5 Bb6 55. a5 Bd4 56. b6 Ne6 57. Qf1 Rf8 58. Qc4 Nc5 59. Qd5 Rd8 60.
Qf7+ Kh6 61. Qf6+ 1-0

[Event "II Memorial Carlo Ragazzini B"]
[Site "Mestre - Venezia ITA"]
[Date "2011.05.22"]
[Round "4"]
[White "Desideri, Alessandro"]
[Black "Zangrando, Gianpietro"]
[Result "1-0"]
[WhiteElo "1500"]
[BlackElo "1827"]
[PlyCount "71"]
[EventDate "2011.05.20"]

1. e4 e6 2. d4 d5 3. exd5 exd5 4. Bd3 Nc6 5. c3 Bd6 6. Qf3 Be6 7. Bf4 Nf6 8. h3
Qe7 9. Bxd6 Qxd6 10. Ne2 O-O-O 11. Nd2 Rde8 12. O-O h5 13. Nf4 Bd7 14. Rfe1
Rxe1+ 15. Rxe1 g5 16. Nxd5 Nxd5 17. Nc4 Qf6 18. Qxd5 g4 19. Ne5 Be6 20. Qe4 Ne7
21. Ba6 Bd5 22. Nxg4 Qxa6 23. Qe5 Rg8 24. Ne3 Be6 25. d5 Ng6 26. Qg5 Bxh3 27.
Nf5 Bxf5 28. Qxf5+ Kd8 29. d6 Qxd6 30. Qxh5 Rh8 31. Qg5+ f6 32. Qxg6 Qh2+ 33.
Kf1 Qh1+ 34. Ke2 Re8+ 35. Qxe8+ Kxe8 36. Rxh1 1-0

[Event "II Memorial Carlo Ragazzini B"]
[Site "Mestre - Venezia ITA"]
[Date "2011.05.22"]
[Round "4"]
[White "Luisetto, Alessandro"]
[Black "Tonolo, Maurizio"]
[Result "1-0"]
[WhiteElo "1838"]
[BlackElo "1788"]
[PlyCount "53"]
[EventDate "2011.05.20"]

1. Nf3 d5 2. g3 Nf6 3. Bg2 g6 4. O-O Bg7 5. d4 O-O 6. Bf4 Bf5 7. c4 c6 8. Nc3
dxc4 9. Ne5 Nd5 10. e4 Nxc3 11. bxc3 Bxe5 12. Bxe5 Be6 13. Rb1 Nd7 14. Bf4 Nb6
15. Bh6 Re8 16. f4 f5 17. d5 Bd7 18. Qd4 e5 19. fxe5 c5 20. Qxc5 Rxe5 21. Qd4
Qe7 22. Bf4 Re8 23. Bxe5 Qxe5 24. Qxe5 Rxe5 25. exf5 Rxf5 26. d6 Be6 27. Rfe1
1-0

[Event "II Memorial Carlo Ragazzini B"]
[Site "Mestre - Venezia ITA"]
[Date "2011.05.22"]
[Round "4"]
[White "Bozzao, Francesco"]
[Black "Fracasso Pezzolato, Michele"]
[Result "0-1"]
[WhiteElo "1867"]
[BlackElo "1796"]
[PlyCount "116"]
[EventDate "2011.05.20"]

1. d4 Nf6 2. Nf3 d5 3. c4 c6 4. e3 Nbd7 5. Nc3 Qc7 6. Be2 e6 7. O-O Bd6 8. b3
b6 9. Bb2 Bb7 10. h3 O-O 11. Rc1 a6 12. cxd5 Nxd5 13. Ne4 Be7 14. Bd3 Qd8 15.
Bb1 N5f6 16. Nxf6+ Bxf6 17. Qd3 g6 18. Qe2 Qe7 19. Rfd1 c5 20. Ne5 Nxe5 21.
dxe5 Bg7 22. Rd6 Qc7 23. Rcd1 Rfd8 24. f4 Bf8 25. Rxd8 Rxd8 26. Bc3 Be7 27.
Rxd8+ Qxd8 28. Qd2 Qc7 29. Bc2 c4 30. bxc4 Qxc4 31. Bb3 Qc6 32. Bd4 Bb4 33. Qc2
Qxc2 34. Bxc2 Bd5 35. Bxb6 Bxa2 36. Kf2 Bc4 37. Bd4 Kf8 38. Ba4 Ke7 39. g3 Bd5
40. g4 h6 41. Bc2 a5 42. e4 Bc6 43. f5 a4 44. h4 a3 45. Ke3 Kd7 46. Ba1 Be1 47.
h5 g5 48. Ke2 Bb4 49. Bd3 Ba4 50. Bc4 Bc2 51. Bb5+ Ke7 52. Bd3 Bb3 53. Bb5 a2
54. Bd3 exf5 55. exf5 Ba5 56. Ke3 Bb6+ 57. Ke2 Ba5 58. Bb5 f6 0-1

[Event "II Memorial Carlo Ragazzini B"]
[Site "Mestre - Venezia ITA"]
[Date "2011.05.22"]
[Round "4"]
[White "Roverato, Franco"]
[Black "Stefan, Marco"]
[Result "1/2-1/2"]
[WhiteElo "1750"]
[BlackElo "1852"]
[PlyCount "87"]
[EventDate "2011.05.20"]

1. e4 c5 2. Nf3 d6 3. d4 cxd4 4. Nxd4 Nf6 5. Nc3 a6 6. Be2 e5 7. Nb3 Be7 8. Be3
O-O 9. Nd5 Nxd5 10. Qxd5 Nc6 11. c3 Be6 12. Qd1 d5 13. Bc5 dxe4 14. Qxd8 Rfxd8
15. Bxe7 Nxe7 16. Nc5 Bd5 17. O-O-O Bc6 18. f3 exf3 19. Bxf3 Bxf3 20. gxf3 b5
21. Rxd8+ Rxd8 22. Nxa6 Nc6 23. a3 f6 24. Rd1 Rxd1+ 25. Kxd1 g5 26. Nc7 Na7 27.
Ke2 Kf7 28. b3 f5 29. c4 bxc4 30. bxc4 h5 31. Nb5 Nc6 32. Nd6+ Ke6 33. Nb7 g4
34. fxg4 hxg4 35. a4 f4 36. a5 e4 37. a6 Ke5 38. Nd8 Na7 39. c5 g3 40. hxg3
fxg3 41. Ke3 Kd5 42. Nf7 Kxc5 43. Ng5 Kb6 44. Nxe4 1/2-1/2